<?xml version="1.0" encoding="UTF-8"?>
<marc:record xmlns:marc="http://www.loc.gov/MARC21/slim" type="Bibliographic">
   <marc:leader>00000nam a2200000 c 4500</marc:leader>
   <marc:controlfield tag="001">930831705</marc:controlfield>
   <marc:controlfield tag="003">DE-101</marc:controlfield>
   <marc:controlfield tag="005">20171202182310.0</marc:controlfield>
   <marc:controlfield tag="007">tu</marc:controlfield>
   <marc:controlfield tag="008">930519s1993    gw ||||| |||| 00||||ger  </marc:controlfield>
   <marc:datafield ind1=" " ind2=" " tag="015">
      <marc:subfield code="a">93,A24,0206</marc:subfield>
      <marc:subfield code="2">dnb</marc:subfield>
   </marc:datafield>
   <marc:datafield ind1="7" ind2=" " tag="016">
      <marc:subfield code="2">DE-101</marc:subfield>
      <marc:subfield code="a">930831705</marc:subfield>
   </marc:datafield>
   <marc:datafield ind1=" " ind2=" " tag="020">
      <marc:subfield code="a">9783492117142</marc:subfield>
      <marc:subfield code="c">kart. : DM 17.90</marc:subfield>
      <marc:subfield code="9">978-3-492-11714-2</marc:subfield>
   </marc:datafield>
   <marc:datafield ind1=" " ind2=" " tag="020">
      <marc:subfield code="a">3492117147</marc:subfield>
      <marc:subfield code="c">kart. : DM 17.90</marc:subfield>
      <marc:subfield code="9">3-492-11714-7</marc:subfield>
   </marc:datafield>
   <marc:datafield ind1=" " ind2=" " tag="035">
      <marc:subfield code="a">(DE-599)DNB930831705</marc:subfield>
   </marc:datafield>
   <marc:datafield ind1=" " ind2=" " tag="035">
      <marc:subfield code="a">(OCoLC)722029033</marc:subfield>
   </marc:datafield>
   <marc:datafield ind1=" " ind2=" " tag="040">
      <marc:subfield code="a">1200</marc:subfield>
      <marc:subfield code="b">ger</marc:subfield>
      <marc:subfield code="c">DE-101</marc:subfield>
      <marc:subfield code="d">9999</marc:subfield>
   </marc:datafield>
   <marc:datafield ind1=" " ind2=" " tag="041">
      <marc:subfield code="a">ger</marc:subfield>
   </marc:datafield>
   <marc:datafield ind1=" " ind2=" " tag="044">
      <marc:subfield code="c">XA-DE</marc:subfield>
   </marc:datafield>
   <marc:datafield ind1=" " ind2=" " tag="084">
      <marc:subfield code="a">21</marc:subfield>
      <marc:subfield code="a">16</marc:subfield>
      <marc:subfield code="a">355</marc:subfield>
      <marc:subfield code="q">DE-101</marc:subfield>
      <marc:subfield code="2">sdnb</marc:subfield>
   </marc:datafield>
   <marc:datafield ind1=" " ind2=" " tag="084">
      <marc:subfield code="a">10.4</marc:subfield>
      <marc:subfield code="a">8.3</marc:subfield>
      <marc:subfield code="a">7.14</marc:subfield>
      <marc:subfield code="a">8.4</marc:subfield>
      <marc:subfield code="q">DE-101</marc:subfield>
      <marc:subfield code="2">sswd</marc:subfield>
   </marc:datafield>
   <marc:datafield ind1="1" ind2=" " tag="100">
      <marc:subfield code="0">(DE-588)120200791</marc:subfield>
      <marc:subfield code="0">http://d-nb.info/gnd/120200791</marc:subfield>
      <marc:subfield code="0">(DE-101)120200791</marc:subfield>
      <marc:subfield code="a">Arnold, Hans</marc:subfield>
      <marc:subfield code="d">1923-</marc:subfield>
      <marc:subfield code="e">Verfasser</marc:subfield>
      <marc:subfield code="4">aut</marc:subfield>
   </marc:datafield>
   <marc:datafield ind1="0" ind2="0" tag="245">
      <marc:subfield code="a">Europa am Ende?</marc:subfield>
      <marc:subfield code="b">Die Auflösung von EG und NATO</marc:subfield>
      <marc:subfield code="c">Hans Arnold</marc:subfield>
   </marc:datafield>
   <marc:datafield ind1=" " ind2=" " tag="250">
      <marc:subfield code="a">Orig.-Ausg., [1. - 6. Tsd.]</marc:subfield>
   </marc:datafield>
   <marc:datafield ind1=" " ind2=" " tag="259">
      <marc:subfield code="a">11</marc:subfield>
   </marc:datafield>
   <marc:datafield ind1=" " ind2="1" tag="264">
      <marc:subfield code="a">München</marc:subfield>
      <marc:subfield code="a">Zürich</marc:subfield>
      <marc:subfield code="b">Piper</marc:subfield>
      <marc:subfield code="c">1993</marc:subfield>
   </marc:datafield>
   <marc:datafield ind1=" " ind2=" " tag="300">
      <marc:subfield code="a">219 S.</marc:subfield>
      <marc:subfield code="c">19 cm</marc:subfield>
   </marc:datafield>
   <marc:datafield ind1=" " ind2=" " tag="336">
      <marc:subfield code="a">Text</marc:subfield>
      <marc:subfield code="b">txt</marc:subfield>
      <marc:subfield code="2">rdacontent</marc:subfield>
   </marc:datafield>
   <marc:datafield ind1=" " ind2=" " tag="337">
      <marc:subfield code="a">ohne Hilfsmittel zu benutzen</marc:subfield>
      <marc:subfield code="b">n</marc:subfield>
      <marc:subfield code="2">rdamedia</marc:subfield>
   </marc:datafield>
   <marc:datafield ind1=" " ind2=" " tag="338">
      <marc:subfield code="a">Band</marc:subfield>
      <marc:subfield code="b">nc</marc:subfield>
      <marc:subfield code="2">rdacarrier</marc:subfield>
   </marc:datafield>
   <marc:datafield ind1="1" ind2=" " tag="490">
      <marc:subfield code="a">Piper</marc:subfield>
      <marc:subfield code="v">Bd. 1714 : Aktuell</marc:subfield>
   </marc:datafield>
   <marc:datafield ind1="2" ind2="7" tag="610">
      <marc:subfield code="0">(DE-588)35439-9</marc:subfield>
      <marc:subfield code="0">http://d-nb.info/gnd/35439-9</marc:subfield>
      <marc:subfield code="0">(DE-101)000354392</marc:subfield>
      <marc:subfield code="a">Europäische Gemeinschaften</marc:subfield>
      <marc:subfield code="2">gnd</marc:subfield>
   </marc:datafield>
   <marc:datafield ind1="2" ind2="7" tag="610">
      <marc:subfield code="0">(DE-588)377-3</marc:subfield>
      <marc:subfield code="0">http://d-nb.info/gnd/377-3</marc:subfield>
      <marc:subfield code="0">(DE-101)000003778</marc:subfield>
      <marc:subfield code="a">NATO</marc:subfield>
      <marc:subfield code="2">gnd</marc:subfield>
   </marc:datafield>
   <marc:datafield ind1=" " ind2="7" tag="650">
      <marc:subfield code="0">(DE-588)4068097-6</marc:subfield>
      <marc:subfield code="0">http://d-nb.info/gnd/4068097-6</marc:subfield>
      <marc:subfield code="0">(DE-101)040680975</marc:subfield>
      <marc:subfield code="a">Zukunft</marc:subfield>
      <marc:subfield code="2">gnd</marc:subfield>
   </marc:datafield>
   <marc:datafield ind1=" " ind2="7" tag="650">
      <marc:subfield code="0">(DE-588)4068097-6</marc:subfield>
      <marc:subfield code="0">http://d-nb.info/gnd/4068097-6</marc:subfield>
      <marc:subfield code="0">(DE-101)040680975</marc:subfield>
      <marc:subfield code="a">Zukunft</marc:subfield>
      <marc:subfield code="2">gnd</marc:subfield>
   </marc:datafield>
   <marc:datafield ind1="0" ind2="0" tag="689">
      <marc:subfield code="0">(DE-588)35439-9</marc:subfield>
      <marc:subfield code="0">http://d-nb.info/gnd/35439-9</marc:subfield>
      <marc:subfield code="0">(DE-101)000354392</marc:subfield>
      <marc:subfield code="D">b</marc:subfield>
      <marc:subfield code="a">Europäische Gemeinschaften</marc:subfield>
   </marc:datafield>
   <marc:datafield ind1="0" ind2="1" tag="689">
      <marc:subfield code="0">(DE-588)4068097-6</marc:subfield>
      <marc:subfield code="0">http://d-nb.info/gnd/4068097-6</marc:subfield>
      <marc:subfield code="0">(DE-101)040680975</marc:subfield>
      <marc:subfield code="D">s</marc:subfield>
      <marc:subfield code="a">Zukunft</marc:subfield>
   </marc:datafield>
   <marc:datafield ind1="0" ind2=" " tag="689">
      <marc:subfield code="5">DE-101</marc:subfield>
      <marc:subfield code="5">DE-101</marc:subfield>
   </marc:datafield>
   <marc:datafield ind1="1" ind2="0" tag="689">
      <marc:subfield code="0">(DE-588)377-3</marc:subfield>
      <marc:subfield code="0">http://d-nb.info/gnd/377-3</marc:subfield>
      <marc:subfield code="0">(DE-101)000003778</marc:subfield>
      <marc:subfield code="D">b</marc:subfield>
      <marc:subfield code="a">NATO</marc:subfield>
   </marc:datafield>
   <marc:datafield ind1="1" ind2="1" tag="689">
      <marc:subfield code="0">(DE-588)4068097-6</marc:subfield>
      <marc:subfield code="0">http://d-nb.info/gnd/4068097-6</marc:subfield>
      <marc:subfield code="0">(DE-101)040680975</marc:subfield>
      <marc:subfield code="D">s</marc:subfield>
      <marc:subfield code="a">Zukunft</marc:subfield>
   </marc:datafield>
   <marc:datafield ind1="1" ind2=" " tag="689">
      <marc:subfield code="5">DE-101</marc:subfield>
      <marc:subfield code="5">DE-101</marc:subfield>
   </marc:datafield>
   <marc:datafield ind1=" " ind2="0" tag="830">
      <marc:subfield code="a">Piper</marc:subfield>
      <marc:subfield code="v">Bd. 1714 : Aktuell</marc:subfield>
      <marc:subfield code="w">(DE-101)015122727</marc:subfield>
      <marc:subfield code="w">(DE-600)970675-6</marc:subfield>
      <marc:subfield code="9">41714</marc:subfield>
      <marc:subfield code="7">as</marc:subfield>
   </marc:datafield>
   <marc:datafield ind1=" " ind2=" " tag="850">
      <marc:subfield code="a">DE-101a</marc:subfield>
      <marc:subfield code="a">DE-101b</marc:subfield>
   </marc:datafield>
</marc:record>
